MDQL
is popping MORE tags! Check the
thread
!
Quizzes
Events
Quiz Creation
Community
Videos
Private Events
Remove Ads
Sign In
Join for FREE
Feedback
Dark Mode
Quiz Categories
Sports
Geography
Music
Movies
Television
Just For Fun
Miscellaneous
History
Literature
Language
Science
Gaming
Entertainment
Religion
Holiday
For Kids
Quiz Lab
Recent
Popular Today
Quiz Kudos Today
Editor Picks
Curator Picks
Quizzes by...
Day
Popularity
Type
Ratings
Length
Year
Community
Subscriptions
Recent Discussions
Orange Saloon
Badges
Playlists
Quests
Create
Leaderboards
Showdown
Live 5
Trivia Bingo
Activity
Puzzle Library
Sporcle Events
Private Events
Virtual Trivia
Globe League
Become a Host
Pub Owners
SporcleCon
Opinionation
Our Games
Videos
Blog
Mobile Apps
Partnerships
Remove Ads and Go Orange
Feedback
Just For Fun
Clickable
Get the Picture
Humor
Quick Pick
Word Ladder
Missing Word
Mixed Word
Blitz
Minefield
This or That
Alphabet
Color
Typing
Sporcle
Puzzle
Word Play
Follow That Line
Logic
Just For Fun
Clickable
Get the Picture
Humor
Quick Pick
Word Ladder
Missing Word
Mixed Word
Blitz
Minefield
This or That
Alphabet
Color
Typing
Sporcle
Puzzle
Word Play
Follow That Line
Logic
Random Quiz
Search Sporcle
×
Quiz Lab
Quiz Lab
Just For Fun
Letter
Type in answers that appear in a list
Type in answers that appear in a list
Classic
Best Score? Go Orange.
BEER-amids Stats
Can you name the words of the pyramids that start with the letters of 'BEER'?
By
slipkid
3m
20 Questions
452 Plays
452 Plays
452 Plays
Comments
Comments
Give Quiz Kudos
Give Quiz Kudos
-
- Ratings
hide this ad
More Info
Replay
Link that replays current quiz
Next Quiz
Link to next quiz in quiz playlist
You Got
0%
They Got
Avg Score
66%
Avg Friend Score
Upgrade to see
Score Distribution
Jump to the score distribution portion of the page
Score
0/20
Timer
03:00
0
Plays Today
beer letter
word
% Correct
B
by
98.2%
B
buy
94.2%
B
bury
92.5%
E
he
91.4%
E
she
88.7%
E
me
87.8%
R
or
85.6%
E
hem
85%
E
hens
83.8%
R
pro
78.5%
beer letter
word
% Correct
R
crop
77.7%
E
home
77.4%
R
porch
61.3%
B
rugby
55.5%
B
grubby
54%
E
chrome
48.5%
E
chemo
31.6%
E
ashen
26.8%
E
hyenas
7.1%
R
carhop
3.8%
Quiz Playlist
Details
Report
Send in Message
Add To Playlist
More Info:
Add each letter to the word above to create a new word.
Classic:
Type in answers that appear in a list
Quiz Source
Last Updated: Feb 16, 2017
Quiz Scoreboard
CHALLENGE
Sign Up to Join the Scoreboard
Show All
Scores
Hide
Comments
May contain spoilers
Recently Published
Holiday 10x10 Sorting Gallery
by lukepisani3
Holiday
15m
Two Season TV Shows II
by 123Four
Television
10m
Image Sorting: Flags VI
by Barbecue
Geography
2m
More to Explore
Quiz From the Vault
Featured Blog Post
14 Easter Pick-up Lines to Find Eggs With
hide this ad
You Might Also Like...
Tags
Letter Quiz
Add
Beer
Pyramid
start
Today's Top Quizzes in Just For Fun
Browse Just For Fun
hide this ad
Today's Top Quizzes in Letter
Browse Letter
Top Contributed Quizzes in Just For Fun
1
Eurovision 2024 Countries Logic Puzzle
2
Name Just One - 10 to 1: Just For Fun
3
Missing Word: 2-Letter A-Z II
4
Missing Word: 'Of' Things A-Z
5
Missing Letter Whitney Houston Songs
6
Avatar the Last Airbender: Logic Puzzle
7
Survivor Winners Logic Puzzle
8
Missing Word: 'Of' Things A-Z II
9
Killer Double Trees 224 - Colour Match-Up
10
Missing Word: TV Shows in TV Shows
Explore More
Trending Topics
Harry Potter
Marvel
NBA
Crossword
Kpop
Disney
Anime
The Office
Soccer
Pokémon
Puzzle
WWE
Country
Song
NFL
hide this ad
More By:
slipkid
Quiz
Plays
Rating
Category
Featured
Created
Simple Math Minefield
866,754
4.20
Science
Oct 6, 2011
Fifty Famous Figures
377,755
4.51
History
Jan 25, 2013
Rhymes with 'Jump'
304,217
4.39
Language
May 26, 2013
Rhymes with 'Sound'
292,065
4.71
Language
Oct 31, 2011
Harry, Hunger or Twilight?
283,863
4.42
Literature
Oct 30, 2011
Go to Creator's Profile
Score Distribution
Quiz Creator Spotlight
slipkid
Follow
Send a Message
Quizzes Created
-
Created Quiz Play Count
-
More By This Creator
Popular Quizzes Today
1
Find the US States - No Outlines Minefield
2
Colored Red Africa Blitz
3
Find the 'City' Movie
4
The Countries of the World
5
Find the US States
6
5x2 Blitz: Bands
7
Find the Countries of Europe - No Outlines Minefield
8
US States
More Just For Fun Quizzes
Get the Picture: Job or G.O.B.
Curator's Pick
Trending Quizzes
Colored Red Europe Blitz I
Colored Red Europe Blitz II
Colored Red Africa Blitz II
Colored Red Africa Blitz III
Colored Red Europe Blitz III
Recently Updated
Odd Team Out - Big 4 Players
pecheneg
Quick Pick: 20 Twenties
pecheneg
March Madness Men's Triple Doubles
pecheneg
How Do You Spell That?
pecheneg
Godzilla Movies
pecheneg
Grab Bag: 4-10 Letters
pecheneg
2024 March Madness Bracket
pecheneg
Famous TV Couples
Peacemaker
Champions League XIs: Real Madrid
pecheneg
Largest US Cities 1790-2010
pecheneg
Trending Topics
Disney
Crossword
Kpop
Harry Potter
NBA
Anime
Marvel
Soccer
WWE
Song
The Office
NFL
Pokémon
Puzzle
Country
Your Account Isn't Verified!
In order to create a playlist on Sporcle, you need to verify the email address you used during registration. Go to your
Sporcle Settings
to finish the process.
Report this User
Report this user for behavior that violates our
Community Guidelines
.
Details:
Send Report
Go to the Sporcle.com Mobile Site →
Comments